Tanulmány út

Správa o tom, že právnická akadémia zo Sárospatak-u podnikla študijnú cestu do Pozdišoviec a Michaloviec v januári roku 1901. Sprievodcovia . Samuel Weinberger (majiteľ liehovaru a mlyna v Pozdišovciach), dňový kontrolór Béla Walkowszky, finančný úradník Elek Kontratovics. V Michalovciach si prezrel...

Celý popis

Podrobná bibliografia
Médium: Článok
Jazyk:Hungarian
Témy:
Zdroj: 1. Felsőmagyarországi Hirlap : Politikai ujság 1. Roč. 4, č. 5 (16.01.1901) s. 3
LEADER 01264nab#a2200325#ar4500
001 000074887
003 SVKKK
005 20050607xxxxxxx.
008 06 c xo huno
FMT
038 |a SVKKK 
040 |a SVKKK  |b slo  |e AACR2 
041 0 |a hun 
044 |a xo  |c SK 
080 |a 378:34 
242 1 0 |a Študijná cesta 
245 0 0 |a Tanulmány út 
500 |a mikrofilm 
520 2 |a Správa o tom, že právnická akadémia zo Sárospatak-u podnikla študijnú cestu do Pozdišoviec a Michaloviec v januári roku 1901. Sprievodcovia . Samuel Weinberger (majiteľ liehovaru a mlyna v Pozdišovciach), dňový kontrolór Béla Walkowszky, finančný úradník Elek Kontratovics. V Michalovciach si prezreli tamojší pivovar a školský inšpektor Štefan (István) Sulyovszky pozval mládež dona občerstvenie do hotela Barna. 
650 0 4 |a jogakadémia, Sárospatak - cesta študijná - Pozdišovce (Mi) - Michalovce - január 1901 - referáty 
773 0 |t Felsőmagyarországi Hirlap : Politikai ujság  |g Roč. 4, č. 5 (16.01.1901) s. 3 
957 |a Michalovce 
957 |a Pozdišovce 
957 |a Sárospatak (HU) 
958 |a DG 
958 |a SK 
974 |a Ba  |d 20050607 
992 |a RBX 
BAS
998 |a RETRO